Catálogo

Vista normal Vista MARC

Entrada Personal Name

Número de registros utilizados en: 2

001 - CONTROL NUMBER

  • control field: 11492

003 - CONTROL NUMBER IDENTIFIER

  • control field: DLC

005 - DATE AND TIME OF LATEST TRANSACTION

  • control field: 20210518074443.0

008 - FIXED-LENGTH DATA ELEMENTS

  • fixed length control field: 170216n| azannaabn |n aaa c

010 ## - LIBRARY OF CONGRESS CONTROL NUMBER

  • LC control number: no2017020799

035 ## - SYSTEM CONTROL NUMBER

  • System control number: (OCoLC)oca10710340

040 ## - CATALOGING SOURCE

  • Original cataloging agency: NjP
  • Language of cataloging: spa
  • Description conventions: rda
  • Transcribing agency: Mx-PuUPA
  • Modifying agency: Mx-PuUPA

100 1# - HEADING--PERSONAL NAME

  • Personal name: Weckend, Julia

372 ## - FIELD OF ACTIVITY

  • Field of activity: Filosofía moderna temprana, Leibniz

373 ## - ASSOCIATED GROUP

  • Associated group: University of Reading (United Kingdom)
  • Start period: 2002
  • End period: 2013

373 ## - ASSOCIATED GROUP

  • Associated group: Departamento de Educación Continua de la Universidad de Oxford
  • Start period: 2014 - a la fecha

375 ## - GENDER

  • Gender: mujer

377 ## - ASSOCIATED LANGUAGE

  • Language code: eng

670 ## - SOURCE DATA FOUND

  • Source citation: Tercentenary essays on the philosophy and science of Leibniz, c2017:
  • Information found: t.p. (Julia Weckend)